Normal view
MARC view
- Virology MS Ph. D-Thesis.
Entry Topical Term
001 - CONTROL NUMBER
- control field: 27777
003 - CONTROL NUMBER IDENTIFIER
- control field: NUST
005 - DATE AND TIME OF LATEST TRANSACTION
- control field: 20200121102208.0
008 - FIXED-LENGTH DATA ELEMENTS
- fixed length control field: 200121|| aca||aabn | a|a d
040 ## - CATALOGING SOURCE
- Original cataloging agency: NUST
- Transcribing agency: NUST
150 ## - HEADING--TOPICAL TERM
- Topical term or geographic name entry element: Virology MS Ph. D-Thesis.
670 ## - SOURCE DATA FOUND
- Source citation: Work cat.: (NUST): Mahboob, Aamra 27776, Effect of Alpha-lipoic Acid in AlCl3-Induced mouse modelof Alzheimer's disease /, 2013.
